01483nam a2200253 a 4500001001500000003000400015005001700019008004100036020003500077020003000112040000700142050001100149082001100160100002400171245004800195260003400243300002100277490002700298520072600325650002601051650004301077830002701120856008201147ASIN303768092XOSt20180116192417.0130726s2011 xxu eng d a303768092X (hardcover)c$99.95 a9783037680926 (hardcover) c0004aNA279404a729.281 aUffelen, Chris van.10aLight in architecture /cChris van Uffelen. a :bBraun Publish,Csi,c2012. a424 p. ;c31 cm.1 aArchitecture in focus. aLight is the prerequisite for spatial perception, which is why it is an integral component of architecture. Light design in architecture has become more lively and also more colourful in the last few years. The projects selected here show how good architecture is improved with the right light. With interior design, the purpose of the introduction of natural light and the use of artificial light is to create a spatial experience: certain areas are accentuated, spatial units are defined and differing atmospheres are established. Illumination also plays a role with exteriors, not just at night. In addition to the form emphasizing role of light, a striking illumination can lend the building an emblematic uniqueness. 0aLight in architecture 0aLighting, Architectural and decorative 0aArchitecture in focus.403Amazon.comuhttp://www.amazon.com/exec/obidos/ASIN/303768092X/chopaconline-20